| 000 | 00546nam a2200181 4500 | ||
|---|---|---|---|
| 001 | 119683 | ||
| 003 | ES-MaACL | ||
| 007 | t| | ||
| 008 | 070214s1910 fr r ||||1| fre d | ||
| 100 | 1 |
_aPernot, Maurice. _991307 |
|
| 245 | 1 | 3 |
_aLa politique de Pie X _b: (1906-1910) / _cpar Maurice Pernot. |
| 260 |
_aParis : _bFélix Alcan, _c1910. |
||
| 300 |
_aXX, 297 p. ; _c19 cm. |
||
| 490 | 1 | _aBibliothèque d'histoire contemporaine | |
| 830 | 0 |
_aBibliothèque d'histoire contemporaine _9180875 |
|
| 852 |
_aES-MaACL _jG-7442 |
||
| 999 |
_c119683 _d119683 |
||